00459nam a22001697a 450000500170000000800410001702000180005802200150007604100120009108200120010310000120011524500560012725000190018326000340020230000280023665000250026420240924091213.0240924b |||||||| |||| 00| 0 eng d a9780639011134 a0409004480 aEnglish a349 JOU lEnglish aThe Law of South Africa / cWA Joubert and JA Faris aThird Edition  aDurban: bLexisNexis, c2020  bx, 579 pages; c26 cm.  aLegal practice bLaw